书目信息 |
| 题名: |
管理心理学
|
|
| 作者: | 肖祥银 著 | |
| 分册: | ||
| 出版信息: | 天津 天津科学技术出版社 2018 |
|
| 页数: | 213页 | |
| 开本: | 24cm | |
| 丛书名: | ||
| 单 册: | ||
| 中图分类: | C93-051 , C93 | |
| 科图分类: | ||
| 主题词: | 管理心理学 | |
| 电子资源: | ||
| ISBN: | 978-7-5576-5795-6 | |
| 000 | 00978cam0 2200253 450 | |
| 001 | 2131879341 | |
| 005 | 20210104085140.11 | |
| 010 | @a978-7-5576-5795-6@dCNY42.00 | |
| 100 | @a20181224d2018 em y0chiy50 ea | |
| 101 | 0 | @achi |
| 102 | @aCN@b120000 | |
| 105 | @ay z 000yy | |
| 200 | 1 | @a管理心理学@9guan li xin li xue@b专著@dManagement psychology@f肖祥银著@zeng |
| 210 | @a天津@c天津科学技术出版社@d2018 | |
| 215 | @a213页@d24cm | |
| 314 | @a肖祥银,实战派管理和营销专家,同时,他还是一名职业经理人,曾就职于某大型国企总部十余年。 | |
| 330 | @a在本书中,作者肖祥银从实战派的角度出发,深入细致地分析了管理过程中的心理学效应。简单朴实的理论,结合真实、生动的案例,将管理的心理学奥秘一一呈现给读者。希望读者朋友们读完本书以后,能够开阔视野和格局,提升管理智慧。 | |
| 510 | 1 | @aManagement psychology@zeng |
| 606 | 0 | @a管理心理学 |
| 690 | @aC93-051@v5 | |
| 690 | @aC93@v4 | |
| 701 | 0 | @a肖祥银@9xiao xiang yin@4著 |
| 801 | 2 | @aCN@b58marc.cn@c20190117 |
| 905 | @aMUSE@dC93@e47 | |
| 管理心理学=Management psychology/肖祥银著.-天津:天津科学技术出版社,2018 |
| 213页;24cm |
| ISBN 978-7-5576-5795-6:CNY42.00 |
| 在本书中,作者肖祥银从实战派的角度出发,深入细致地分析了管理过程中的心理学效应。简单朴实的理论,结合真实、生动的案例,将管理的心理学奥秘一一呈现给读者。希望读者朋友们读完本书以后,能够开阔视野和格局,提升管理智慧。 |
| ● |
| 相关链接 |
|
|
|
正题名:管理心理学
索取号:C93/47
 
预约/预借
| 序号 | 登录号 | 条形码 | 馆藏地/架位号 | 状态 | 备注 |
| 1 | 2000877722 | 2000877722 | 第二书库/ [索取号:C93/47] | 在馆 | |
| 2 | 2000877723 | 2000877723 | 第二书库/ [索取号:C93/47] | 在馆 | |
| 3 | 2000877724 | 2000877724 | 第二书库/ [索取号:C93/47] | 在馆 |